Statistiken für Hauptstädte Europas - alphabetisch

Klicken Sie hier um das Quiz zu spielen!

Allgemein

  • Dieses Quiz wurde 444 mal gespielt
    (443 seit der letzten Aktualisierung)
  • Das Durchschnittsergebnis liegt bei 35 aus 45

Antwortstatistiken

Hauptstädte% Korrekt
AAmsterdam
92%
BBerlin
91%
AAthen
90%
OOslo
88%
BBrüssel
87%
HHelsinki
87%
BBern
86%
LLuxemburg
86%
ZZagreb
86%
BBudapest
85%
DDublin
85%
BBukarest
84%
LLissabon
84%
AAndorra la Vella
83%
MMadrid
83%
PPrag
83%
WWarschau
83%
LLondon
81%
KKopenhagen
80%
KKiew
79%
WWien
79%
RRiga
78%
VVaduz
78%
BBelgrad
76%
SStockholm
76%
BBratislava
75%
MMoskau
74%
PParis
74%
RRom
74%
MMinsk
73%
CChisinau
72%
VVilnius
72%
LLjubljana
71%
MMonaco
71%
VVatikanstadt
71%
TTirana
70%
SSan Marino
68%
PPristina
66%
TTallinn
66%
PPodgorica
64%
SSofia
64%
RReykjavik
63%
SSarajevo
63%
SSkopje
58%
VValletta
56%

Verteilung der Resultate

Perzentil nach korrekt beantworteten Fragen

Anzahl Personen mit jedem Resultat

Ihre Resultats-Entwicklung

Sie haben dieses Quiz seit der letzten Aktualisierung nicht gespielt